Normal view
MARC view
- Raza ,Kazim
Entry Personal Name
001 - CONTROL NUMBER
- control field: 122387
003 - CONTROL NUMBER IDENTIFIER
- control field: NUST
005 - DATE AND TIME OF LATEST TRANSACTION
- control field: 20240419103725.0
008 - FIXED-LENGTH DATA ELEMENTS
- fixed length control field: 240419|| aca||aabn | a|a d
040 ## - CATALOGING SOURCE
- Original cataloging agency: NUST
- Transcribing agency: NUST
100 ## - HEADING--PERSONAL NAME
- Personal name: Raza ,Kazim
670 ## - SOURCE DATA FOUND
- Source citation: Work cat.: (NUST): Raza ,Kazim , INTERMITTENT STEAM-POWERED ENERGY GENERATION USING DOMESTIC WATER GEYSERS /
